Normal view
MARC view
- Report (Uppsala universitet. Institutionen för freds- och konfliktforskning) ;
Entry Uniform Title
001 - CONTROL NUMBER
- control field: 12489
003 - CONTROL NUMBER IDENTIFIER
- control field: NUST
005 - DATE AND TIME OF LATEST TRANSACTION
- control field: 20181031042842.0
008 - FIXED-LENGTH DATA ELEMENTS
- fixed length control field: 181031|| aca||aabn | a|a d
040 ## - CATALOGING SOURCE
- Original cataloging agency: NUST
- Transcribing agency: NUST
130 ## - HEADING--UNIFORM TITLE
- Uniform title: Report (Uppsala universitet. Institutionen för freds- och konfliktforskning) ;
- Form subdivision: no. 64.
670 ## - SOURCE DATA FOUND
- Source citation: Work cat.: (NUST)0: Swanström, Niklas. 12484, Regional cooperation and conflict management :, 2002.
